| 000 | 00936nas a2200265Ia 4500 | ||
|---|---|---|---|
| 001 | A50/R028-4444 [r000001571] | ||
| 003 | IT-MiCISF | ||
| 008 | 161014c99999999xx |||||||||||| ||und|| | ||
| 040 |
_aIT-MiCISF _cIT-MiCISF |
||
| 041 | _aITALIANO | ||
| 100 | _aPiana Giannino | ||
| 210 | _aLa famiglia | ||
| 222 | _aLa famiglia | ||
| 245 | 0 | _aUn impegno laicale al servizio della persona | |
| 250 | _a1a ed. | ||
| 260 | _c1980 | ||
| 501 |
_bCISF - Centro Internazionale Studi Famiglia - Via Giotto, 36 20145 MILANO (non commercial uses only) _cCopyright 2016 |
||
| 300 | _app. 273-278 | ||
| 362 | _a81, mag-giu. [1980] | ||
| 500 | _aContiene la "Carta dell'UCIPEM" approvata dall'Assemblea dell'unione del 20.10.79 e dal Consiglio direttivo il 14.12.79 Tema: consultori, associazioni, fede, valori | ||
| 650 |
_aFAMIGLIA - consulenza familiare _varticolo |
||
| 700 | _aAA.VV. | ||
| 942 | _cCR | ||
| 957 | _71 | ||
| 999 |
_a4444 _bSi _g1 _c223311 _d223311 |
||